| 000 | 00944cam a2200145ua 4500 | ||
|---|---|---|---|
| 041 |
_aeng _h |
||
| 082 |
_a631.316 _bIND/SP |
||
| 110 | 1 |
_aIndian Standards Institution . _b _c(New Delhi ) |
|
| 245 | 0 | 0 |
_aSpecification for seeding attachment for animal drawn cultivates, IS 9219-1979 / _cIndian Standards Institution. _hTextual Documents |
| 260 |
_aNew Delhi : _bIndian Standards Institution , _c1979. |
||
| 300 | _a6 ; . | ||
| 504 | _a | ||
| 942 | _cBK | ||
| 999 |
_c7740 _d7740 |
||